| 000 | 00919nmm a2200277 a 4500 | ||
|---|---|---|---|
| 001 | ocm000884481 | ||
| 003 | TR-IsHL | ||
| 005 | 20201028144022.0 | ||
| 008 | 141121s1997 tu tur | ||
| 007 | cr cn | ||
| 020 | _a9789757814603 | ||
| 035 |
_a884481 _b(N$T) |
||
| 050 | 0 | 4 |
_aPL248.A855 _bS55 1997 |
| 090 | 0 | 4 |
_aPL248.A855 _bS55 1997 |
| 100 | 1 | _aAşık Sadık | |
| 245 | 1 | 0 |
_aAşık Sadık şiirleri _h[electronic resource] / _cAşık Sadık ; derleyen İsmet Zeki Eyuboğlu |
| 260 |
_aİstanbul : _bPencere Yayınları, _c1997 |
||
| 300 |
_a105 s. ; _c20 cm. |
||
| 650 | 4 | _aDil ve Edebiyat | |
| 650 | 4 | _aLanguage and Literature | |
| 650 | 0 | _aPoetry, Turkish literature | |
| 650 | 0 | _aŞiir, Türk edebiyatı | |
| 650 | 7 |
_aPOETRY / Middle Eastern _2bisacsh |
|
| 700 | 1 | _aEyuboğlu, İsmet Zeki | |
| 856 | 4 | 0 | _uhttp://search.ebscohost.com/login.aspx?direct=true&scope=site&db=e011xww&AN=884481 |
| 999 |
_c9209 _d9209 |
||